| 000 | 01128cam a2200325 i 4500 | ||
|---|---|---|---|
| 001 | 41114 | ||
| 003 | Mx-PuUPA | ||
| 005 | 20260209121024.0 | ||
| 008 | 140415s2025 sp a gr 001 0 spa d | ||
| 017 | _aB-3402-2025 | ||
| 020 | _a9788425452147 | ||
| 040 |
_aMx-PuUPA _bspa _cMx-PuUPA _dMx-PuUPA _erda |
||
| 041 | 1 |
_aspa _heng |
|
| 100 | 1 |
_aBraidotti, Rosi, _d1954- _eautor _917822 |
|
| 240 | 1 | 4 |
_aThe Posthuman. _lEspañol |
| 245 | 1 | 3 |
_aLo posthumano / _cRosi Braidotti, traducción de Juan Carlos Gentile Vitale |
| 264 | 1 |
_aBarcelona, España : _bHerder Editorial, _c©2025 |
|
| 300 |
_a279 páginas : _bilustraciones (blanco y negro) ; _c22 cm |
||
| 336 |
_2rdacontent _atexto _btxt |
||
| 337 |
_2rdamedia _asin medio _bn |
||
| 338 |
_2rdacarrier _avolumen _bnc |
||
| 490 | 0 | _aPensamiento Herder | |
| 650 | 7 |
_2armarc _aAntropología filosófica |
|
| 650 | 7 |
_2armarc _aSeres Humanos |
|
| 700 | 1 |
_aGentile Vitale, Juan Carlos, _etraductor |
|
| 765 | 0 |
_aBraidotti, Rosi _tThe Posthuman _dCambridge : Polity Press, ©2024 |
|
| 942 |
_2ddc _cLI _h128 _iB7318 |
||
| 999 |
_c41114 _d41114 |
||